|
|
|
|
| LEADER |
01428nam a2200397 a 4500 |
| 001 |
nkc20102121261 |
| 003 |
CZ PrNK |
| 005 |
20110228105720.0 |
| 007 |
ta |
| 008 |
110202s2010 xr a b 000 j cze |
| 015 |
|
|
|a cnb002121261
|
| 020 |
|
|
|a 978-80-87060-31-5
|q (váz.)
|
| 035 |
|
|
|a (OCoLC)707607920
|
| 040 |
|
|
|a ABA001
|b cze
|
| 072 |
|
7 |
|a 821.162.3-3
|x Česká próza
|2 Konspekt
|9 25
|
| 072 |
|
7 |
|a 821-93
|x Literatura pro děti a mládež (beletrie)
|2 Konspekt
|9 26
|
| 080 |
|
|
|a 821.162.3-32
|2 MRF
|
| 080 |
|
|
|a 821-93
|2 MRF
|
| 080 |
|
|
|a (0:82-32)
|2 MRF
|
| 100 |
1 |
|
|a Černá, Olga,
|d 1964-
|7 js20020617021
|4 aut
|
| 245 |
1 |
0 |
|a Jitka a kytka /
|c Olga Černá ; Michaela Kukovičová [ilustrace]
|
| 260 |
|
|
|a Praha :
|b Baobab,
|c 2010
|
| 300 |
|
|
|a [30] s. :
|b barev. il. ;
|c 21 cm
|
| 500 |
|
|
|a Název z obálky
|
| 655 |
|
7 |
|a české příběhy
|7 fd133973
|2 czenas
|
| 655 |
|
7 |
|a publikace pro děti
|7 fd133156
|2 czenas
|
| 655 |
|
9 |
|a Czech stories
|2 eczenas
|
| 655 |
|
9 |
|a children's literature
|2 eczenas
|
| 700 |
1 |
|
|a Kukovičová, Michaela,
|d 1968-
|7 mzk2004228263
|4 ill
|
| 856 |
4 |
1 |
|u http://www.digitalniknihovna.cz/mzk/uuid/uuid:b22f49a0-5351-11e8-9a44-005056827e52
|y Digitalizovaný dokument
|x NDK
|
| 910 |
2 |
|
|a BOA001
|b 2-1260.204
|
| 928 |
9 |
|
|a Baobab&GplusG
|
| 990 |
|
|
|a BK
|
| 995 |
|
|
|a 01
|
| 991 |
|
|
|b 201102
|e db
|
| 996 |
6 |
|
|b 2610467463
|c 2-1260.204
|l MZK
|r Sklad / do 1 hodiny
|n 2
|p p.v.
|w 001167377
|u 000010
|a 1
|e BOA001
|j MZK50
|s P
|